Jaka to postać? - Brawl Stars #2 - Statystyki

Ogólne statystyki
  • Ten quiz został rozwiązany 815 razy
  • Średni wynik to 19 z 27
Statystyki odpowiedzi
Skiny Postać % Poprawnych
Panda, Czerwononosa, Shiba Nita
99%
Jaskiniowiec, DJ Frank
92%
Biały, Feniks, Mecha, Mroczny Mecha, Złoty Mecha Kruk
92%
Czarodziej, Czerwony Czarodziej, Złoty, Cukiernik, Klonowy Barley
82%
Pirat Drogowy, Wieprzowy Jeździec, Leonard, Kapitan Carl
80%
Letnia, Smoczy Rycerz, Mroczny Rycerz Jessie
80%
Króliczek, Pomocnica Penny
78%
Senny Sandy
78%
Biedronka Bea
77%
Naładowany, Popcornowy, Ricochet Rico
77%
Wiking, Futbolista, Pomocnik Bull
75%
Wilkołak, Sally, Rekin Leon
75%
Rockman, Banita, Królewski Agent Colt
74%
Mecha, Jasny Mecha, Złoty Mecha Bo
71%
Plażowicz, Bumboks, Wyścigowiec, Tańczący Brock
71%
Wiedźma, Rozbójniczka, Star Shelly
71%
Rockandrollowy, Nocny Czarownik, w cylindrze Mortis
70%
Rey, Rudo, Brown El Primo
68%
Sakura, Robot Spike
68%
Różowa, Czaszka, Piper
64%
Pierożkowy Darryl
63%
Robot, Pikantny, Święty Dynamike
63%
Serenadowy Poco
62%
GT Max
47%
Błękitna Tara
47%
Piracki Gene
38%
Klasyczny 8-bitowiec
33%
Nie znaleziono quizów pasujących do podanych kryteriów
Rozkład punktacji
Procent ludzi z każdym wynikiem
Percentyl według liczby udzielonych odpowiedzi
Twoja historia wyników
Nie rozwiązałeś tego quizu